|
|
|
|
| LEADER |
00000nam0a2200000 4500 |
| 001 |
56155 |
| 005 |
20231031053148.0 |
| 035 |
|
|
|a (RuTPU)RU\TPU\book\58963
|
| 090 |
|
|
|a 56155
|
| 100 |
|
|
|a 20030925d1987 m y0rusy50 ca
|
| 101 |
0 |
|
|a rus
|
| 102 |
|
|
|a RU
|
| 105 |
|
|
|a a j 001zy
|
| 200 |
1 |
|
|a Введение в численные методы
|e учебное пособие
|f А. А. Самарский
|
| 205 |
|
|
|a 2-е изд., перераб. и доп.
|
| 210 |
|
|
|a Москва
|c Наука
|d 1987
|
| 215 |
|
|
|a 286 с.
|c ил.
|
| 320 |
|
|
|a Библиогр.: с. 281.
|
| 320 |
|
|
|a Предметный указатель: с. 284-286.
|
| 451 |
|
1 |
|0 (RuTPU)RU\TPU\book\94999
|y 5-8114-0602-9
|t Введение в численные методы
|o учебное пособие для вузов
|f А. А. Самарский
|g Московский государственный университет им. М. В. Ломоносова
|e 3-е изд., стер.
|c СПб.
|n Лань
|d 2005
|p 288 с.
|a Самарский, Александр Андреевич
|
| 451 |
|
1 |
|0 (RuTPU)RU\TPU\book\40848
|t Введение в численные методы
|o учебное пособие
|f А. А. Самарский
|c М.
|n Наука
|d 1982
|p 1982
|s Классический университетский учебник
|a Самарский , Александр Андреевич
|
| 610 |
1 |
|
|a численные методы
|
| 610 |
1 |
|
|a уравнения
|
| 610 |
1 |
|
|a интерполяция
|
| 610 |
1 |
|
|a математика
|
| 610 |
1 |
|
|a решение
|
| 610 |
1 |
|
|a алгебра
|
| 610 |
1 |
|
|a дифференциалы
|
| 610 |
1 |
|
|a теплопроводность
|
| 675 |
|
|
|a 519.6(075.8)
|v 3
|
| 700 |
|
1 |
|a Самарский
|b А. А.
|g Александр Андреевич
|
| 801 |
|
1 |
|a RU
|b 63413507
|c 20030925
|g PSBO
|
| 801 |
|
2 |
|a RU
|b 63413507
|c 20140918
|g PSBO
|
| 900 |
|
|
|a Прикладная математика
|
| 942 |
|
|
|c BK
|
| 952 |
|
|
|a 511200
|b 010200
|